Southville International School and Colleges
Your cart is empty.
  • Cart
  • Lists
    Public lists Eva Luna New books Lux_list list_1
    Your lists Log in to create your own lists
  • Log in to your account
  • Your cookies
  • Search history
Southville International School and Colleges
  • Advanced search
  • Recent comments
  • Most popular
  • Libraries

Log in to your account

Log in with GOOGLE


If you do not have an external account, but do have a local account, you can still log in:

  1. Home
  2. MARC view: Foundations of maternal-newborn and women's health nursing /
Normal view MARC view ISBD view

Foundations of maternal-newborn and women's health nursing / (Record no. 275985)

[ view plain ]
MARC details
000 -LEADER
fixed length control field 02820cam a2200361 i 4500
001 - CONTROL NUMBER
control field 17779359
005 - DATE AND TIME OF LATEST TRANSACTION
control field 20141001134654.0
008 - FIXED-LENGTH DATA ELEMENTS--GENERAL INFORMATION
fixed length control field 130613t20142014moua b 001 0 eng
010 ## - LIBRARY OF CONGRESS CONTROL NUMBER
LC control number 2013023843
020 ## - INTERNATIONAL STANDARD BOOK NUMBER
International Standard Book Number 9781455733064 (pbk. : alk. paper)
020 ## - INTERNATIONAL STANDARD BOOK NUMBER
International Standard Book Number 1455733067 (pbk. : alk. paper)
035 ## - SYSTEM CONTROL NUMBER
System control number (DNLM)101610377
040 ## - CATALOGING SOURCE
Original cataloging agency DNLM/DLC
Transcribing agency DLC
Description conventions rda
Modifying agency DLC
042 ## - AUTHENTICATION CODE
Authentication code pcc
050 00 - LIBRARY OF CONGRESS CALL NUMBER
Classification number RG 951
Item number .M87 2014
060 10 - NATIONAL LIBRARY OF MEDICINE CALL NUMBER
Classification number WY 157.3
082 00 - DEWEY DECIMAL CLASSIFICATION NUMBER
Classification number 618.2/0231
100 1# - MAIN ENTRY--PERSONAL NAME
Personal name Murray, Sharon Smith,
Relator term author.
245 10 - TITLE STATEMENT
Title Foundations of maternal-newborn and women's health nursing /
Statement of responsibility, etc Sharon Smith Murray, MSN, Professor Emerita, Health Professions, Golden West College, Hungting Beach, California, Emily Slone Mckinney, MSN, RN, C, Nurse Educator and Consultant, Dallas, Texas.
250 ## - EDITION STATEMENT
Edition statement 6th edition.
260 ## - PUBLICATION, DISTRIBUTION, ETC. (IMPRINT)
Place of publication, distribution, etc U.S.A :
Name of publisher, distributor, etc Elseveir/Saunders,
Date of publication, distribution, etc c2014.
300 ## - PHYSICAL DESCRIPTION
Extent xxviii, 852 pages :
Other physical details color illustrations ;
Dimensions 28 cm
504 ## - BIBLIOGRAPHY, ETC. NOTE
Bibliography, etc Includes bibliographical references and index.
505 0# - FORMATTED CONTENTS NOTE
Formatted contents note Pt. 1. Foundations for nursing care of childbearing families -- Maternity and women's health care today -- The Nurse's Role in Maternity and Women's Health Care -- Ethical, social, and legal issues -- Reproductive anatomy and physiology -- Hereditary and environmental influences on childbearing -- Pt. 2. The family before birth -- Conception and prenatal development -- Physiologic adaptations to pregnancy -- Psychosocial adaptations to pregnancy -- Nutrition for childbearing -- Antepartum fetal assessment -- Perinatal education -- Pt. 3. The family during birth -- Processes of birth -- Nursing care during labor and birth -- Intrapartum fetal surveillance -- Pain management during childbirth -- Nursing care during obstetric procedures -- Pt. 4. -- The family following birth -- Postpartum physiologic adaptations -- Postpartum psychosocial adaptations -- Normal newborn: processes of adaptation -- Assessment of the normal newborn -- Care of the normal newborn -- Infant feeding -- Home care of the infant -- Pt. 5. Families at risk during the childbearing period -- The childbearing family with special needs -- Complications of pregnancy -- Concurrent disorders during pregnancy -- Intrapartum complications -- Postpartum maternal complications -- High-risk newborn: complications associated with gestational age and development -- High-risk newborn: acquired and congenital conditions -- Pt. 6. Women's health care -- Family planning -- Infertility -- Preventive care for women -- Women's health problems.
521 ## - TARGET AUDIENCE NOTE
Target audience note Nursing
650 12 - SUBJECT ADDED ENTRY--TOPICAL TERM
Topical term or geographic name as entry element Maternal-Child Nursing.
650 22 - SUBJECT ADDED ENTRY--TOPICAL TERM
Topical term or geographic name as entry element Family Health.
650 22 - SUBJECT ADDED ENTRY--TOPICAL TERM
Topical term or geographic name as entry element Women's Health.
700 1# - ADDED ENTRY--PERSONAL NAME
Personal name McKinney, Emily Slone,
Relator term author.
906 ## - LOCAL DATA ELEMENT F, LDF (RLIN)
a 7
b cbc
c orignew
d 1
e ecip
f 20
g y-gencatlg
942 ## - ADDED ENTRY ELEMENTS (KOHA)
Source of classification or shelving scheme Library of Congress Classification
Koha item type Books
Call number prefix Foreign
Holdings
Withdrawn status Lost status Source of classification or shelving scheme Damaged status Home library Current library Shelving location Date acquired Source of acquisition Total Checkouts Total Renewals Full call number Barcode Date last seen Date checked out Price effective from Koha item type
    Library of Congress Classification   College Library College Library Reserve Section 10/01/2014 Library Fund 3 5 RG 951 .M87 2014 C18800 09/04/2019 06/19/2019 10/01/2014 Books

Foundations of maternal-newborn and women's health nursing /

APA

Murray S. S., McKinney E. S., . (2014). Foundations of maternal-newborn and women's health nursing. U.S.A: Elseveir/Saunders.

Chicago

Murray Sharon Smith, McKinney Emily Slone, . 2014. Foundations of maternal-newborn and women's health nursing. U.S.A: Elseveir/Saunders.

Harvard

Murray S. S., McKinney E. S., . (2014). Foundations of maternal-newborn and women's health nursing. U.S.A: Elseveir/Saunders.

MLA

Murray Sharon Smith, McKinney Emily Slone, . Foundations of maternal-newborn and women's health nursing. U.S.A: Elseveir/Saunders. 2014.

  • Place hold
  • Print
  • Cite
  • Add to your cart (remove)
  • Save record
    BIBTEX Dublin Core MARCXML MARC (non-Unicode/MARC-8) MARC (Unicode/UTF-8) MARC (Unicode/UTF-8, Standard) MODS (XML) RIS
  • More searches
    Search for this title in:
    Other Libraries (WorldCat) Other Databases (Google Scholar) Online Stores (Bookfinder.com) Open Library (openlibrary.org)

Exporting to Dublin Core...

SOUTHVILLE LIBRARY

Southville International School and Colleges Library

1281 Tropical Ave. Cor. Luxembourg St., BF Homes International, Las Pinas City

Tel. No. 8256374 / 252358 Loc. 117/146

Powered by Koha